Paroles - Comme Disait Mistinguett - Dalida - Statistiques

Statistiques générales
  • Ce quiz a été pris 24 fois
  • Le résultat moyen est 243 sur 327
Statistiques - réponses
Hint Answervrai % Correct
- de
100%
- je
100%
- Je
100%
- Pas
100%
- pas
100%
- ça
94%
- ce
94%
- C'est
94%
- c'est
94%
- Comme
94%
- comme
94%
- la
94%
- que
94%
- Que
94%
- à
88%
- bien
88%
- égyptienne
88%
- Italienne
88%
- naissance
88%
- suis
88%
- vrai
88%
- disait
82%
- Et
82%
- et
82%
- frère
82%
- j'ai
82%
- J'ai
82%
- le
82%
- m'a
82%
- Mistinguett
82%
- ne
82%
- très
82%
- Bon
76%
- chansons
76%
- chante
76%
- chanté
76%
- des
76%
- Dieu
76%
- dit
76%
- On
76%
- vacances
76%
- Dalida
71%
- en
71%
- faite
71%
- quand
71%
- qui
71%
- es
65%
- mon
65%
- serai
65%
- si
65%
- tu
65%
- j'aime
59%
- l'accent
59%
- les
59%
- Mais
59%
- mes
59%
- Moi
59%
- moi
59%
- peu
59%
- préfère
59%
- qu'on
59%
- roule
59%
- ton
59%
- musiciens
53%
- par
53%
- beaux
47%
- dire
47%
- garçons
47%
- j'n'étais
47%
- peut
47%
- roucoulent
47%
- tout
47%
- un
47%
- veux
47%
- voudra
47%
- aux
41%
- bats
41%
- dans
41%
- milliers
41%
- amoureux
35%
- certains
35%
- Depuis
35%
- depuis
35%
- du
35%
- fond
35%
- Joséphine
35%
- l'on
35%
- Paroles
35%
- soirs
35%
- Vatican
35%
- as
29%
- aussi
29%
- Cléopatre
29%
- comblée
29%
- copain
29%
- disco
29%
- joue
29%
- m'aime
29%
- meilleur
29%
- née
29%
- passerai
29%
- pour
29%
- printemps
29%
- Sarah
29%
- ans
24%
- caves
24%
- Chardin
24%
- l'avoue
24%
- Ménilmontant
24%
- petits
24%
- plus
24%
- riens
24%
- ritournelles
24%
- vingt
24%
- bientôt
18%
- intellectuelles
18%
- Bernhardt
12%
- Teilhard
12%
Aucun quiz correspondant
Distribution des résultats
% des personnes avec chaque résultat
Percentile par nombre de réponses
Votre historique - résultats
Vous n’avez pas pris ce quiz